Loading...
| Fine Arts - Auditory | 3 | 0 | 0 | 0 | 45 | 12 | 40.67 | 1 | 3 | 0.00 | 0.00 |
| Literature - British | 1 | 2 | 0 | 2 | 35 | 73 | 107.00 | 1 | 2 | 0.00 | 0.00 |
| Science - Other | 1 | 2 | 0 | 0 | 35 | 75 | 100.33 | 0 | 1 | 0.00 | 0.00 |
| Science - Physics | 2 | 0 | 0 | 0 | 30 | 64 | 64.00 | 1 | 2 | 0.00 | 0.00 |
| Fine Arts - Visual | 0 | 3 | 0 | 2 | 30 | 77 | 96.67 | 0 | 3 | 0.00 | 0.00 |
| Science - Biology | 2 | 0 | 0 | 0 | 30 | 76 | 77.00 | 0 | 2 | 0.00 | 0.00 |
| History - American | 1 | 1 | 0 | 0 | 25 | 53 | 69.00 | 1 | 1 | 0.00 | 0.00 |
| Religion | 1 | 1 | 0 | 1 | 25 | 56 | 88.50 | 1 | 1 | 0.00 | 0.00 |
| Mythology | 1 | 1 | 0 | 1 | 25 | 69 | 86.50 | 0 | 1 | 0.00 | 0.00 |
| History - European | 2 | 0 | 1 | 0 | 25 | 27 | 45.00 | 1 | 2 | 0.00 | 0.00 |
| Literature - American | 1 | 1 | 1 | 0 | 20 | 46 | 57.50 | 1 | 2 | 0.00 | 0.00 |
| History - World | 1 | 1 | 1 | 0 | 20 | 36 | 75.50 | 2 | 2 | 0.00 | 0.00 |
| Current Events | 1 | 0 | 0 | 0 | 15 | 67 | 67.00 | 0 | 1 | 0.00 | 0.00 |
| History - Other | 0 | 1 | 0 | 1 | 10 | 113 | 113.00 | 0 | 0 | 0.00 | 0.00 |
| Literature - European | 0 | 2 | 2 | 2 | 10 | 123 | 125.50 | 0 | 1 | 0.00 | 0.00 |
| Science - Chemistry | 0 | 1 | 0 | 1 | 10 | 134 | 134.00 | 0 | 1 | 0.00 | 0.00 |
| Fine Arts - Other | 0 | 1 | 1 | 0 | 5 | 114 | 114.00 | 0 | 1 | 0.00 | 0.00 |
| Philosophy | 0 | 0 | 1 | 0 | -5 | 0.00 | 0 | 0 | 0.00 | 0.00 |